| 000 | 01833cam a22004814i 4500 | ||
|---|---|---|---|
| 003 | PE-LiUPU | ||
| 005 | 20250731165545.0 | ||
| 008 | 150625s r 000 0 d | ||
| 035 | _a(Sirsi) a33893 | ||
| 035 | _a(Sirsi) a33893 | ||
| 040 |
_aPE-LiUPU _bspa _cPE-LiUPU _erda |
||
| 082 | 0 | 4 |
_a221.7 _bWBUL _221 |
| 100 | 1 |
_aBrownlee, William H., _eautor. |
|
| 245 | 1 | 0 |
_aEzekiel 1-19. _n28 / _cWilliam H. Brownlee. |
| 264 | 1 |
_aWaco, Texas : _bWord Books, _c1986. |
|
| 300 |
_a319 páginas ; _c24 cm. |
||
| 336 |
_atext _2rdacontent |
||
| 337 |
_aunmediated _2rdamedia |
||
| 338 |
_avolume _2rdacarrier |
||
| 505 | 0 | _aPortrait of Ezekiel as suffering servant. -Oracles of doom for the land of Israel . -Announcements of the end upon the land. -A vision of Apostasy carried on in the temple at Jerusalem. -The exile. -True and false prophecy. -Spiritual leaders in relation to society. -Allegories, parables, proverbs. | |
| 526 | _aSEG44 | ||
| 526 | _aSEG26 | ||
| 526 | _aP151 | ||
| 526 | _aP150 | ||
| 526 | _aP149 | ||
| 526 | _aP146 | ||
| 526 | _aP145 | ||
| 526 | _aP126 | ||
| 526 | _aP125 | ||
| 526 | _aP92 | ||
| 526 | _aP75 | ||
| 526 | _aP74 | ||
| 526 | _aP27 | ||
| 526 | _aP15 | ||
| 630 |
_aBiblia. _pA.T. _pEzequiel _xComentarios. |
||
| 910 | _a | ||
| 942 |
_2ddc _cBOOK |
||
| 949 |
_aRC 221.7 WBC 28 _wDEWEY _c1 _i37749 _lRC _mBUL _r0 _sY _tBOOK _u2015-6-25 _xBIBLIOTECA _zUNKNOWN _0COMPRA _o.CIRCNOTE. No olvidar cambiar la fecha de devolución!!!!!!! _o.STAFF. Colección General |
||
| 994 |
_aC0 _bPEPRU |
||
| 596 | _a1 | ||
| 999 |
_aRC 221.7 WBC 28 _wDEWEY _c41690 _i37749 _f2021-11-8 _g6 _lCCODEBUL1 _mBUL _r1 _sY _tBOOK _u2015-6-25 _xTEOLOGIA _zUNKNOWN _0COMPRA _o.CIRCNOTE. No olvidar cambiar la fecha de devolución!!!!!!! _o.STAFF. Colección General _d41690 |
||
| 980 |
_81 _gALBERTO SANCHEZ Responsable de Automatización |
||